| 000 | 00539cad a22001695a 4500 | ||
|---|---|---|---|
| 001 | L149305 | ||
| 008 | 090720s2009 xxk 000 0 eng u | ||
| 035 | _a(Sirsi) u149305 | ||
| 041 | 0 | _aeng | |
| 245 | 0 | 0 |
_b _h[electronic resource] |
| 260 | _c2010 | ||
| 490 | 4 |
_aThe Journal _bRICS Building Surveying Journal _vMarch/April 2010, -() |
|
| 590 | _aKA | ||
| 651 | 4 |
_aUnited Kingdom _y |
|
| 856 | 4 | 1 |
_uhttps://www.rics.org/site/download_feed.aspx?fileID=5880&fileExtension=PDF _zView this item (member-only access) at www.rics.org |
| 942 | _n0 | ||
| 999 |
_c82123 _d82123 |
||